Blazers Colleges - Statistics

General Stats
  • This quiz has been taken 12 times
  • The average score is 6 of 17
Answer Stats
Player Pre-NBA Level % Correct
Damian Level Weber State
75%
Donovan Clingan UCONN
63%
Caleb Love UNC/Arizona
63%
Shaedon Sharpe Kentucky
50%
Jerami Grant Syracuse
50%
Jrue Holiday UCLA
50%
Toumani Camara Dayton
38%
Scoot Henderson G League Ignite
38%
Kris Murray Iowa
38%
Matisse Thybulle Washington
38%
Duop Reath Lee College/LSU
25%
Blake Wesley Notre Dame
25%
Robert Williams Texas A&M
25%
Sidy Cissoko G League Ignite
13%
Deni Avdija Maccabi Tel Aviv
13%
Yang Hansen Qingdao Eagles
13%
Rayan Rupert New Zealand Breakers
0%
No matching quizzes found
Score Distribution
Percent of People with Each Score
Percentile by Number Answered
Your Score History
You have not taken this quiz